Normal view
MARC view
- Scotland
Entry Corporate Name
001 - CONTROL NUMBER
- control field: 5865
003 - CONTROL NUMBER IDENTIFIER
- control field: SIRSI
005 - DATE AND TIME OF LATEST TRANSACTION
- control field: 20190806150247.0
008 - FIXED-LENGTH DATA ELEMENTS
- fixed length control field: 100705n| acannaabn |n ana d
040 ## - CATALOGING SOURCE
- Original cataloging agency: OSt
- Transcribing agency: OSt
110 2# - HEADING--CORPORATE NAME
- Corporate name or jurisdiction name as entry element: Scotland
- Subordinate unit: Scottish Parliament
- Subordinate unit: Transport, Infrastructure and Climate Change Committee
670 ## - SOURCE DATA FOUND
- Source citation: Transport, Infrastructure and Climate Change Committee, 7th report, 2010 (Session 3), 2010